=LDR 00000nam 2200000 4500 =001 INLIS000000000037928 =005 20130612143631 =008 ***********************************Ind** =035 ##$$0010-061300000037928 =041 ##$$a Ind =082 ##$$a 813.087 =090 ##$$a 813.087, Ard l =100 ##$$a Ardi, Faris A =245 ##$$a Lho...itu ban juga...korupsi, hal-hal tulisan mas, A. Faris Ardi =260 ##$$a 2009 $b Bogor =300 ##$$a 223 hlm, 20 cm =650 ##$$a Fiksi Indonesia =850 ##$$a NBPNMAT